000 01646nam a2200361 i 4500
001 185178
003 SpMaBN
005 20250928130049.0
008 160404s2011 mx afh |||| | spa d
020 _a978-84-614-8830-8
080 _a821.134.2-14"15"(082.2)
245 0 0 _aPoesías inéditas de Pedro de Padilla y versos de otros ingenios del S. XVI
_b: Ms B90-V1-08 de la Biblioteca Bartolomé March /
_cestudios de Álvaro Alonso, J. Ignacio Díez, Christopher Maurer, Juan Montero ; edición de José J. Labrador Herraiz, Ralph A. DiFranco.
260 _aMéxico :
_bFrente de Afirmación Hispanista, A.C.,
_c2011 (
_eD.L. Madrid)
300 _a785 p. :
_bil. ;
_c24 cm.
500 _aRecoge la transcripción del manuscrito original.
500 _aÍndices.
504 _aBibliografía: p. 709-730.
650 4 _aPoesías españolas-
_yS.XVI-XVII
_916219
700 1 _aPadilla, Pedro de,
_d1544-1596
_9144864
700 1 _aAlonso Miguel, Álvaro
_9159270
700 1 _aDíez Fernández, José Ignacio.
_944730
700 1 _aMaurer, Christopher,
_d1949-
_979238
700 1 _aMontero, Juan,
_d1958-
_9159267
700 1 _aLabrador Herraiz, José J.
_969288
700 1 _aDiFranco, Ralph A.
_944793
710 2 _aFrente de Afirmación Hispanista, A.C.
_9159234
710 2 _aFundación Bartolomé March Servera.
_9159271
852 _aES-MaACL
_jA-13677
_9 192197
_bR.151067
_cDEPO1
_dOlim: N-6677
_gDedicatoria autógrafa del autor
_hDonación: José J. Labrador Herraez
903 _969288
_aLabrador Herraiz, José J.
_ednr
942 _2udc
_cMONOGRAFIA
999 _c185178
_d185178